| 000 | 00585nam a2200181 i 4500 | ||
|---|---|---|---|
| 001 | 146802 | ||
| 003 | ES-MaACL | ||
| 005 | 20230906201657.0 | ||
| 007 | t| | ||
| 008 | 070917s1983 sp ||||1| spa d | ||
| 100 | 1 |
_aTrujillo Cabrera, Angel. _9111571 |
|
| 245 | 1 | 0 |
_aManual práctico de la Seguridad Social / _cAngel Trujillo Cabrera. |
| 250 | _a[5ª ed.]. | ||
| 260 |
_aMadrid : _bMinisterio de Trabajo y Seguridad Social, _c1983. |
||
| 300 |
_a1631 p. ; _c22 cm. |
||
| 710 | 1 |
_aEspaña. _bMinisterio de Trabajo y Seguridad Social. _93936 |
|
| 852 |
_aES-MaACL _jL-6754 _bR.107426 |
||
| 999 |
_c146802 _d146802 |
||